[Event "25th European Teams Women"]
[Site "Batumi GEO"]
[Date "2025.10.06"]
[Round "2.18"]
[Board "2"]
[White "Rutherford, Kathleen"]
[Black "De Rycke, Tyani"]
[Result "0-1"]
[BlackTitle "WFM"]
[WhiteElo "1806"]
[BlackElo "2114"]
[WhiteTeam "Scotland"]
[BlackTeam "Belgium"]
[WhiteFideId "2404117"]
[BlackFideId "247936"]
[EventDate "2025.10.05"]

1. e4 c5 2. Nc3 Nc6 3. Bb5 g6 4. Bxc6 dxc6 5. d3 Bg7 6. f4 Nf6 7. Nf3 Qc7 8. O-O
O-O 9. Qe1 Bg4 10. Qh4 Qd7 11. Be3 Bxf3 12. Rxf3 b6 13. f5 h5 14. fxg6 fxg6 15.
Qg5 Ng4 16. Rxf8+ Rxf8 17. Ne2 Kh7 18. Nf4 Qd6 19. e5 Bxe5 20. Ne2 Rf5 21. Qh4
Nxe3 22. Re1 Ng4 23. Ng3 Qd4+ 24. Kh1 Nf2+ 0-1

[Event "25th European Teams Women"]
[Site "Batumi GEO"]
[Date "2025.10.06"]
[Round "2.18"]
[Board "3"]
[White "Vanduyfhuys, Daria"]
[Black "Reid, Caitlin"]
[Result "1-0"]
[WhiteTitle "WFM"]
[WhiteElo "2094"]
[BlackElo "1652"]
[WhiteTeam "Belgium"]
[BlackTeam "Scotland"]
[WhiteFideId "246336"]
[BlackFideId "2405059"]
[EventDate "2025.10.05"]

1. d4 d5 2. c4 c6 3. Nf3 Bf5 4. Nc3 e6 5. Qb3 Qb6 6. c5 Qc7 7. Bf4 Qc8 8. e3 Nd7
9. Be2 Be7 10. O-O b6 11. cxb6 axb6 12. Rfc1 Ngf6 13. Nb5 O-O 14. Nc7 Nh5 15.
Nxa8 Nxf4 16. exf4 Qxa8 17. Ne5 Nxe5 18. fxe5 Rb8 19. Bd3 Bg6 20. Bxg6 hxg6 21.
h3 c5 22. Qb5 Qb7 23. Rc2 Ra8 24. dxc5 Bxc5 25. Rxc5 Ra5 26. Qe8+ Kh7 27. Rc8
Kh6 28. h4 g5 29. Qh8+ Kg6 30. h5+ Kf5 31. Re1 d4 32. Qxg7 Qxc8 33. Qf6+ Kg4 34.
Qf3+ Kh4 35. Qh3# 1-0

[Event "25th European Teams Women"]
[Site "Batumi GEO"]
[Date "2025.10.06"]
[Round "2.18"]
[Board "4"]
[White "McCusker, Kirsty"]
[Black "Goossens, Hanne"]
[Result "0-1"]
[BlackTitle "WIM"]
[WhiteElo "1543"]
[BlackElo "2091"]
[WhiteTeam "Scotland"]
[BlackTeam "Belgium"]
[WhiteFideId "2404397"]
[BlackFideId "200468"]
[EventDate "2025.10.05"]

1. c4 e5 2. g3 d6 3. Bg2 f5 4. e3 Nf6 5. Ne2 Be7 6. Nbc3 O-O 7. O-O c6 8. d4 Be6
9. b3 e4 10. Nf4 Bf7 11. Bb2 d5 12. cxd5 cxd5 13. Rc1 Nc6 14. a3 Na5 15. Nb5 Qb6
16. Qe2 g5 17. Nh3 Bh5 18. f3 exf3 19. Bxf3 g4 20. Bxd5+ Nxd5 21. Nf2 Bg5 22.
Nd1 Rae8 23. Rc5 Nxe3 24. Nc7 Nxf1 25. Nxe8 Nxg3 26. hxg3 Rxe8 27. Qd3 Qxb3 28.
Qxb3+ Nxb3 29. Rxf5 Re1+ 30. Kf2 Rxd1 31. Rxg5+ Bg6 32. Ke3 Rd2 33. Bc3 Rd3+ 34.
Kf4 Rxc3 35. d5 Kf7 36. Re5 Rc4+ 37. Kg5 Rd4 0-1

[Event "25th European Teams Women"]
[Site "Batumi GEO"]
[Date "2025.10.07"]
[Round "3.1"]
[Board "1"]
[White "Dzagnidze, Nana"]
[Black "Wagner, Dinara"]
[Result "1/2-1/2"]
[WhiteTitle "GM"]
[BlackTitle "IM"]
[WhiteElo "2496"]
[BlackElo "2410"]
[WhiteTeam "Georgia 1"]
[BlackTeam "Germany"]
[WhiteFideId "13601903"]
[BlackFideId "24157570"]
[EventDate "2025.10.05"]

1. Nf3 d5 2. c4 e6 3. e3 Nf6 4. Nc3 Be7 5. b3 O-O 6. Bb2 c5 7. cxd5 exd5 8. Rc1
d4 9. Na4 dxe3 10. fxe3 b6 11. Qc2 Bb7 12. Bd3 h6 13. O-O Nbd7 14. Nc3 Qc7 15.
Nb5 Qb8 16. Bf5 a6 17. Nc3 Re8 18. e4 Bd6 19. Bxd7 Nxd7 20. Nd5 Bxd5 21. exd5
Ne5 22. Bxe5 Bxe5 23. b4 cxb4 24. Qf5 g6 25. Qd3 Qb7 26. d6 Rad8 27. Nxe5 Rxe5
28. Rc7 Qd5 29. Qxd5 Rxd5 30. Rf2 f6 31. Rxf6 R5xd6 32. Rff7 1/2-1/2

[Event "25th European Teams Women"]
[Site "Batumi GEO"]
[Date "2025.10.07"]
[Round "3.1"]
[Board "2"]
[White "Klek, Hanna Marie"]
[Black "Batsiashvili, Nino"]
[Result "1-0"]
[WhiteTitle "WGM"]
[BlackTitle "GM"]
[WhiteElo "2328"]
[BlackElo "2469"]
[WhiteTeam "Germany"]
[BlackTeam "Georgia 1"]
[WhiteFideId "24670057"]
[BlackFideId "13602993"]
[EventDate "2025.10.05"]

1. e4 c5 2. Nf3 e6 3. d4 cxd4 4. Nxd4 a6 5. Bd3 Bc5 6. Nb3 Ba7 7. O-O Ne7 8. Qe2
Nbc6 9. Be3 O-O 10. N1d2 e5 11. a4 d6 12. a5 Be6 13. Bc4 Rc8 14. Bxa7 Nxa7 15.
Bxe6 fxe6 16. Nc4 Ng6 17. g3 Qc7 18. Ne3 Nc6 19. c3 Rcd8 20. Qg4 Rf6 21. h4 Qf7
22. Rad1 Nf4 23. Rd2 h5 24. Qd1 Qg6 25. Qc2 Qh6 26. Ng2 Nxg2 27. Kxg2 Ne7 28.
Rd3 Qg6 29. Qe2 Qf7 30. Nd2 Nc6 31. Nf3 Qc7 32. Ng5 g6 33. Rf3 Qe7 34. Rxf6 Qxf6
35. f4 Re8 36. fxe5 Qxe5 37. Nf7 Qg7 38. Nxd6 Rd8 39. Nf7 Rf8 40. Ng5 Rxf1 41.
Qxf1 Qe7 42. Qc4 Nxa5 43. Qc8+ Kg7 44. e5 Nc6 45. Nxe6+ Kf7 46. Ng5+ Kg7 47. e6
a5 48. Nh3 Nd8 49. Nf4 b5 50. Qd7 Qxd7 51. exd7 Kf6 52. Kf3 Kf5 53. Ke3 Nc6 54.
Ne2 Ke6 55. Nd4+ Kxd7 56. Nxb5 Ne5 57. Kd4 Nf3+ 58. Kd5 Nd2 59. Nd4 Kc7 60. Ne2
Kb6 61. c4 Nf1 62. c5+ Kc7 63. Kc4 Kc6 64. Nd4+ Kc7 65. Kb5 Nxg3 66. Ne6+ Kd7
67. Nf8+ Ke7 68. Nxg6+ Kf6 69. Nf4 Ke5 70. Nd3+ Kd4 71. Ne1 Nf5 72. c6 Nd6+ 73.
Kb6 Kd5 74. c7 a4 75. Nc2 Kc4 76. Ne3+ Kb3 77. Nf5 Nxf5 78. c8=Q Kxb2 79. Qxf5
a3 80. Qxh5 a2 81. Qe5+ 1-0

[Event "25th European Teams Women"]
[Site "Batumi GEO"]
[Date "2025.10.07"]
[Round "3.1"]
[Board "3"]
[White "Javakhishvili, Lela"]
[Black "Safarli, Josefine"]
[Result "1/2-1/2"]
[WhiteTitle "IM"]
[BlackTitle "WGM"]
[WhiteElo "2423"]
[BlackElo "2276"]
[WhiteTeam "Georgia 1"]
[BlackTeam "Germany"]
[WhiteFideId "13601458"]
[BlackFideId "12900460"]
[EventDate "2025.10.05"]

1. Nf3 d5 2. b3 Nf6 3. Bb2 Bf5 4. g3 c5 5. d3 Nc6 6. Nbd2 h6 7. Bg2 e6 8. O-O
Be7 9. Ne5 Nxe5 10. Bxe5 O-O 11. e4 Bh7 12. exd5 exd5 13. Re1 Qd7 14. h3 Rfd8
15. Qf3 Bf5 16. g4 Be6 17. Qg3 Nh7 18. f4 f6 19. Bb2 Bf7 20. Nf1 Qc7 21. Qf3 Bd6
22. Bc1 Nf8 23. Ng3 Ng6 24. Nf5 Bxf4 25. Bxf4 Qxf4 26. Ne7+ Kh7 27. Nxg6 Qd4+
28. Qf2 Bxg6 29. Qxd4 cxd4 30. Re7 Re8 31. Rae1 Rxe7 32. Rxe7 Rc8 33. Re2 Rc5
34. Kf2 Kg8 35. Ke1 Kf8 36. Kd2 Bf7 37. Rf2 Ra5 38. a4 b5 39. axb5 Rxb5 40. h4
Ke7 41. Rf4 Rb4 42. g5 hxg5 43. hxg5 a5 44. gxf6+ gxf6 45. Rh4 a4 46. bxa4 Rxa4
47. Rh7 Kf8 48. Rh8+ Ke7 49. Rh7 Kf8 50. Rh8+ Ke7 1/2-1/2

[Event "25th European Teams Women"]
[Site "Batumi GEO"]
[Date "2025.10.07"]
[Round "3.1"]
[Board "4"]
[White "Dolzhykova, Kateryna"]
[Black "Khotenashvili, Bella"]
[Result "1/2-1/2"]
[WhiteTitle "WGM"]
[BlackTitle "GM"]
[WhiteElo "2300"]
[BlackElo "2416"]
[WhiteTeam "Germany"]
[BlackTeam "Georgia 1"]
[WhiteFideId "14113414"]
[BlackFideId "13602640"]
[EventDate "2025.10.05"]

1. e4 e5 2. Nf3 Nc6 3. Bc4 Bc5 4. d3 h6 5. Nc3 Nf6 6. a3 d6 7. Na4 Bb6 8. b4 Qe7
9. h3 Nd8 10. Qd2 Be6 11. Qc3 O-O 12. O-O c6 13. Nxb6 axb6 14. Re1 Nd7 15. d4
Bxc4 16. Qxc4 b5 17. Qc3 Re8 18. Bb2 f6 19. Nh4 Ne6 20. Qg3 Qf8 21. Rad1 Nb6 22.
Nf5 Kh7 23. dxe5 dxe5 24. Qg4 g6 25. Nd6 Re7 26. h4 h5 27. Qf3 Rd8 28. Qb3 Nf4
29. g3 Nh3+ 30. Kg2 Red7 31. Kxh3 Rxd6 32. Qf3 Qe7 33. g4 Qe6 34. Rxd6 Rxd6 35.
Rg1 hxg4+ 36. Rxg4 Rd2 37. Bc1 Rxc2 38. Qe3 Rxc1 39. Qxc1 Nc4 40. f3 Nd6 41. Kh2
Ne8 42. Qe3 Ng7 43. Qg1 Qf7 44. Rg2 Nh5 45. Rd2 Qb3 46. Qg4 Qe3 47. Rg2 Qh6 48.
Qd7+ Ng7 49. Rg3 Qe3 50. Qg4 Qh6 51. Rg1 Nh5 52. Rd1 Qe3 53. Rg1 Qh6 54. Qd7+
Ng7 55. Qg4 Nh5 56. Qd7+ Ng7 57. Qg4 1/2-1/2

[Event "25th European Teams Women"]
[Site "Batumi GEO"]
[Date "2025.10.07"]
[Round "3.2"]
[Board "1"]
[White "Mkrtchian, Lilit"]
[Black "Kashlinskaya, Alina"]
[Result "1/2-1/2"]
[WhiteTitle "IM"]
[BlackTitle "IM"]
[WhiteElo "2377"]
[BlackElo "2450"]
[WhiteTeam "Armenia"]
[BlackTeam "Poland"]
[WhiteFideId "13300601"]
[BlackFideId "4198026"]
[EventDate "2025.10.05"]

1. Nf3 Nf6 2. c4 g6 3. b3 Bg7 4. Bb2 c5 5. g3 d6 6. Bg2 e5 7. d3 O-O 8. O-O Nc6
9. Nc3 Rb8 10. a3 a5 11. Nd5 Nh5 12. Nd2 f5 13. Bc3 Be6 14. b4 axb4 15. axb4
cxb4 16. Nxb4 Nxb4 17. Bxb4 Rf7 18. Ra5 Nf6 19. Qa4 f4 20. Ne4 Nxe4 21. Bxe4 Bf8
22. Bd2 Bh6 23. Bc3 Qf8 24. Qa1 fxg3 25. hxg3 Bg4 26. Ra2 Be6 27. Ra5 Bg4 28.
Ra2 Be6 29. Ra5 Bg4 1/2-1/2

[Event "25th European Teams Women"]
[Site "Batumi GEO"]
[Date "2025.10.07"]
[Round "3.2"]
[Board "2"]
[White "Maltsevskaya, Aleksandra"]
[Black "Mkrtchyan, Mariam"]
[Result "1-0"]
[WhiteTitle "IM"]
[BlackTitle "WIM"]
[WhiteElo "2394"]
[BlackElo "2318"]
[WhiteTeam "Poland"]
[BlackTeam "Armenia"]
[WhiteFideId "24174041"]
[BlackFideId "13310828"]
[EventDate "2025.10.05"]

1. e4 e5 2. Nf3 Nc6 3. d4 exd4 4. Nxd4 Nf6 5. Nxc6 bxc6 6. Bd3 d5 7. exd5 cxd5
8. O-O Be7 9. c4 O-O 10. Nc3 Bb7 11. Qb3 Rb8 12. cxd5 Nxd5 13. Rd1 c6 14. Nxd5
cxd5 15. Qa4 d4 16. Bf4 Ra8 17. Rac1 Qb6 18. Qd7 Bf6 19. b3 Rac8 20. Bc7 Qe6 21.
Bf5 Qa6 22. a4 Rce8 23. Bd3 Qe6 24. Qxe6 Rxe6 25. b4 g6 26. b5 Rc8 27. a5 Re7
28. Bf4 g5 29. Bd6 Ree8 30. f3 Rc3 31. a6 Bd5 32. Bb4 Bb3 33. Bxc3 Bxd1 34. Bd2
Ba4 35. Rc7 Re7 36. Rc8+ Kg7 37. Bb4 Bxb5 38. Bxe7 Bxd3 39. Bxf6+ Kxf6 40. Rc7
Bxa6 41. Rc6+ 1-0

[Event "25th European Teams Women"]
[Site "Batumi GEO"]
[Date "2025.10.07"]
[Round "3.2"]
[Board "3"]
[White "Danielian, Elina"]
[Black "Kiolbasa, Oliwia"]
[Result "1/2-1/2"]
[WhiteTitle "GM"]
[BlackTitle "IM"]
[WhiteElo "2410"]
[BlackElo "2388"]
[WhiteTeam "Armenia"]
[BlackTeam "Poland"]
[WhiteFideId "13300210"]
[BlackFideId "1154613"]
[EventDate "2025.10.05"]

1. d4 d5 2. c4 e6 3. Nc3 c6 4. e4 dxe4 5. Nxe4 Bb4+ 6. Nc3 e5 7. Be3 Ne7 8. dxe5
Qa5 9. Ne2 Be6 10. a3 Bxc3+ 11. Nxc3 Qxe5 12. Qd2 Na6 13. O-O-O O-O 14. Bf4 Qa5
15. Ne4 Qxd2+ 16. Rxd2 Rfd8 17. Be2 Rxd2 18. Kxd2 Rd8+ 19. Kc3 Bf5 20. Bf3 h6
21. h4 b5 22. b3 bxc4 23. bxc4 Bxe4 24. Bxe4 Nc5 25. Bc2 Ne6 26. Be3 c5 27. Rb1
Nc6 28. Be4 Ncd4 29. Rb7 a5 30. h5 Ne2+ 31. Kc2 N2f4 32. g4 g6 33. hxg6 fxg6 34.
f3 h5 35. gxh5 gxh5 36. Rb6 h4 37. Bxf4 Nxf4 38. Rf6 Rf8 39. Rh6 h3 40. Kd2 Kg7
41. Rh7+ Kf6 42. Ke3 Ke5 43. Re7+ Kd6 44. Rh7 Ke5 45. Re7+ 1/2-1/2

[Event "25th European Teams Women"]
[Site "Batumi GEO"]
[Date "2025.10.07"]
[Round "3.2"]
[Board "4"]
[White "Socko, Monika"]
[Black "Gaboyan, Susanna"]
[Result "1-0"]
[WhiteTitle "GM"]
[BlackTitle "WIM"]
[WhiteElo "2356"]
[BlackElo "2165"]
[WhiteTeam "Poland"]
[BlackTeam "Armenia"]
[WhiteFideId "1106619"]
[BlackFideId "13303627"]
[EventDate "2025.10.05"]

1. d4 Nf6 2. c4 g6 3. g3 Bg7 4. Bg2 d5 5. cxd5 Nxd5 6. e4 Nb6 7. Ne2 Nc6 8. d5
Na5 9. Nbc3 Nac4 10. b3 Nd6 11. O-O O-O 12. a4 a5 13. Bf4 e6 14. dxe6 Bxe6 15.
Rc1 Qe7 16. Nd4 Rfd8 17. Nxe6 Qxe6 18. Qc2 c6 19. Bg5 Re8 20. Rfe1 Nd7 21. Be3
b5 22. axb5 Nxb5 23. Na4 Nd4 24. Bxd4 Bxd4 25. Qxc6 Qxc6 26. Rxc6 Ne5 27. Rc2
Rab8 28. Rd2 Red8 29. Red1 Rxb3 30. Kf1 Rb4 31. Nc3 Bxc3 32. Rxd8+ Kg7 33. Rc8
Bb2 34. f4 Nc4 35. Ke2 a4 36. e5 a3 37. Rc7 Bxe5 38. fxe5 Rb2+ 39. Kd3 Nxe5+ 40.
Kd4 Rxg2 41. Kxe5 Re2+ 42. Kf4 Rxh2 43. Ra1 Rf2+ 44. Ke3 Rf6 45. Rxa3 h5 46. Ke2
Kh6 47. Rf3 Re6+ 48. Re3 Rf6 49. Ree7 Kg7 50. Rc3 Kf8 51. Rb7 Kg7 52. Rf3 Re6+
53. Kf2 Kh6 54. Rfxf7 Kg5 55. Rb5+ Kh6 56. Kf3 Ra6 57. Re7 Rf6+ 58. Kg2 Rd6 59.
Rbe5 Ra6 60. R7e6 Ra4 61. Kh3 Rb4 62. Re4 Rb5 63. g4 Rb3+ 64. Kh4 Rb5 65. gxh5
Rxh5+ 66. Kg3 Ra5 67. Rg4 Kh5 68. Rgxg6 Ra3+ 69. Kf4 Ra4+ 70. Kf5 Ra5+ 71. Kf6
Ra1 72. Re5+ Kh4 73. Re8 Ra6+ 74. Kg7 Ra7+ 75. Kh6 Ra5 76. Re1 1-0

[Event "25th European Teams Women"]
[Site "Batumi GEO"]
[Date "2025.10.07"]
[Round "3.3"]
[Board "1"]
[White "Daulyte-Cornette, Deimante"]
[Black "Fataliyeva, Ulviyya"]
[Result "1/2-1/2"]
[WhiteTitle "IM"]
[BlackTitle "IM"]
[WhiteElo "2386"]
[BlackElo "2410"]
[WhiteTeam "France"]
[BlackTeam "Azerbaijan"]
[WhiteFideId "12802859"]
[BlackFideId "13403052"]
[EventDate "2025.10.05"]

1. e4 c5 2. Nf3 e6 3. Nc3 Nc6 4. Bb5 Nd4 5. O-O a6 6. Bd3 Nc6 7. Nd5 Bd6 8. Ne3
Nf6 9. c3 Bc7 10. Bc2 d5 11. exd5 exd5 12. d4 cxd4 13. Nxd4 O-O 14. Nef5 Re8 15.
Bg5 Nxd4 16. cxd4 Bxf5 17. Bxf5 Qd6 18. g3 Ne4 19. Bf4 Qb6 20. Bxc7 Qxc7 21. Qd3
g6 22. Bh3 Qb6 23. b3 Re7 24. Rac1 Rae8 25. Bg2 Qa5 26. Rc2 b5 27. Bxe4 Rxe4 28.
Rc5 Qxa2 29. Rxd5 Re2 30. Qf3 Rb2 31. Re5 Rxe5 32. dxe5 Qxb3 33. Qxb3 Rxb3 34.
Ra1 Rb4 35. Rxa6 Re4 36. f4 Re2 37. Rb6 Rb2 38. g4 Rb4 39. h3 Rxf4 40. Rxb5 Kf8
41. Rb8+ Kg7 42. Kg2 Re4 43. Re8 Re3 44. g5 h6 45. h4 h5 46. Kh2 Re4 47. Kg3
Rg4+ 48. Kh3 Re4 49. Kg3 Rg4+ 50. Kh3 Re4 51. Kg3 Rg4+ 52. Kh3 1/2-1/2

[Event "25th European Teams Women"]
[Site "Batumi GEO"]
[Date "2025.10.07"]
[Round "3.3"]
[Board "2"]
[White "Balajayeva, Khanim"]
[Black "Milliet, Sophie"]
[Result "1/2-1/2"]
[WhiteTitle "IM"]
[BlackTitle "IM"]
[WhiteElo "2351"]
[BlackElo "2360"]
[WhiteTeam "Azerbaijan"]
[BlackTeam "France"]
[WhiteFideId "13406396"]
[BlackFideId "623725"]
[EventDate "2025.10.05"]

1. e4 e5 2. Nf3 Nc6 3. Bc4 Nf6 4. Ng5 d5 5. exd5 b5 6. Bf1 Nxd5 7. Bxb5 Bb7 8.
d4 exd4 9. O-O Be7 10. Qh5 g6 11. Qh6 Qd7 12. Re1 a6 13. Bxc6 Qxc6 14. Nd2 Nb4
15. Ndf3 Nxc2 16. Qg7 O-O-O 17. Rxe7 Rhe8 18. Rxe8 Rxe8 19. Rb1 Na3 20. Ra1 Nc2
21. Rb1 Na3 22. Ra1 Nc2 1/2-1/2

[Event "25th European Teams Women"]
[Site "Batumi GEO"]
[Date "2025.10.07"]
[Round "3.3"]
[Board "3"]
[White "Navrotescu, Andreea"]
[Black "Mammadova, Gulnar"]
[Result "0-1"]
[WhiteTitle "WGM"]
[BlackTitle "IM"]
[WhiteElo "2257"]
[BlackElo "2323"]
[WhiteTeam "France"]
[BlackTeam "Azerbaijan"]
[WhiteFideId "675946"]
[BlackFideId "13403508"]
[EventDate "2025.10.05"]

1. d4 d5 2. c4 e6 3. Nc3 Be7 4. Nf3 Nf6 5. cxd5 exd5 6. Bf4 c6 7. h3 Bf5 8. g4
Be4 9. Bg2 Qb6 10. Qb3 Nbd7 11. O-O O-O 12. Nxe4 Nxe4 13. Rfd1 Qxb3 14. axb3 g5
15. Be3 f6 16. Nd2 Nd6 17. Nf1 f5 18. Bc1 f4 19. Nd2 Bf6 20. Nf3 Rfe8 21. e3
fxe3 22. Bxe3 h6 23. Nd2 Kg7 24. Nf1 Nf8 25. Ng3 Ng6 26. Bf1 Kf7 27. Nh5 Nh4 28.
Bd3 Bxd4 29. Bxd4 Nf3+ 30. Kg2 Nxd4 31. f4 Nxb3 32. Ra3 Nc5 33. fxg5 hxg5 34.
Rf1+ Ke7 35. Bg6 Rf8 36. Re3+ Nce4 37. Bxe4 dxe4 38. Rfe1 Rae8 39. Ng3 Rf4 40.
Nxe4 Nxe4 41. Rxe4+ Rxe4 42. Rxe4+ Kf7 43. Rb4 b5 44. Kf3 Rh8 45. Kg3 a5 46. Rb3
Rh6 47. Rc3 Re6 48. h4 gxh4+ 49. Kxh4 a4 50. Kg5 Re2 51. Rxc6 Rxb2 52. Rf6+ Ke7
53. Ra6 Ra2 54. Rb6 Rb2 55. Ra6 Rb3 56. Kh6 a3 57. g5 Rh3+ 58. Kg7 b4 59. Ra4
Rb3 60. Ra7+ Kd6 61. g6 Kc5 62. Kf8 Rf3+ 63. Ke8 Rg3 64. Kf7 Kc4 65. g7 Kb3 66.
Ra6 Rxg7+ 67. Kxg7 Ka2 0-1

[Event "25th European Teams Women"]
[Site "Batumi GEO"]
[Date "2025.10.07"]
[Round "3.3"]
[Board "4"]
[White "Allahverdiyeva, Ayan"]
[Black "Guichard, Pauline"]
[Result "0-1"]
[WhiteTitle "WIM"]
[BlackTitle "IM"]
[WhiteElo "2220"]
[BlackElo "2330"]
[WhiteTeam "Azerbaijan"]
[BlackTeam "France"]
[WhiteFideId "13412590"]
[BlackFideId "639370"]
[EventDate "2025.10.05"]

1. d4 Nf6 2. c4 e6 3. Nf3 Bb4+ 4. Nc3 b6 5. e3 Bb7 6. Bd3 O-O 7. Bd2 c5 8. a3
Bxc3 9. Bxc3 Ne4 10. Bxe4 Bxe4 11. dxc5 bxc5 12. Qd6 Nc6 13. Qxc5 d6 14. Qh5 Rc8
15. Rd1 Bg6 16. Qb5 Qc7 17. O-O Be4 18. Qh5 Rfd8 19. Nd4 e5 20. Ne2 Ne7 21. Qh4
Ba8 22. b3 Qb7 23. f3 Ng6 24. Qg4 Qxb3 25. Rxd6 h5 26. Rxd8+ Rxd8 27. Qxh5 Qxc4
28. Kf2 Bc6 29. Qg5 Rd5 30. Rb1 Bb5 31. Rb2 a6 32. Qg4 Qc7 33. Qb4 Rd1 34. a4 e4
35. axb5 Qxh2 36. Qxe4 Qh1 37. bxa6 f5 38. Qc4+ Kh7 39. Bf6 Qe1# 0-1

[Event "25th European Teams Women"]
[Site "Batumi GEO"]
[Date "2025.10.07"]
[Round "3.4"]
[Board "1"]
[White "Stefanova, Antoaneta"]
[Black "Kosteniuk, Alexandra"]
[Result "1/2-1/2"]
[WhiteTitle "GM"]
[BlackTitle "GM"]
[WhiteElo "2393"]
[BlackElo "2469"]
[WhiteTeam "Bulgaria"]
[BlackTeam "Switzerland"]
[WhiteFideId "2902257"]
[BlackFideId "4128125"]
[EventDate "2025.10.05"]

1. e4 e5 2. Nc3 Nc6 3. Bc4 Nf6 4. d3 Bb4 5. Ne2 d5 6. exd5 Nxd5 7. O-O Be6 8.
Bxd5 Bxd5 9. f4 f6 10. fxe5 Nxe5 11. Nxd5 Qxd5 12. c3 Bd6 13. Nf4 Qf7 14. d4
O-O-O 15. b3 Qd7 16. h3 Ng6 17. Qd3 Nxf4 18. Bxf4 Bxf4 19. Rxf4 Rde8 20. Re4 f5
21. Ree1 g6 22. Qd2 Qd6 23. Re2 c5 24. Rd1 cxd4 25. Qe1 Rxe2 26. Qxe2 Rd8 27.
Rxd4 Qb6 28. Qe5 Rxd4 29. cxd4 Kd7 30. Qg7+ Ke6 31. Kh1 Qc6 32. Qe5+ Kd7 33.
Qg7+ Ke6 1/2-1/2

[Event "25th European Teams Women"]
[Site "Batumi GEO"]
[Date "2025.10.07"]
[Round "3.4"]
[Board "2"]
[White "Hryzlova, Sofiia"]
[Black "Salimova, Nurgyul"]
[Result "1/2-1/2"]
[WhiteTitle "WIM"]
[BlackTitle "IM"]
[WhiteElo "2309"]
[BlackElo "2385"]
[WhiteTeam "Switzerland"]
[BlackTeam "Bulgaria"]
[WhiteFideId "14174669"]
[BlackFideId "2915138"]
[EventDate "2025.10.05"]

1. Nf3 Nf6 2. c4 e6 3. e3 b6 4. Nc3 Bb7 5. b3 g6 6. Bb2 Bg7 7. d4 O-O 8. Be2 d6
9. O-O Nbd7 10. Qc2 Qe7 11. a4 a5 12. e4 Nh5 13. Rae1 f5 14. Bd1 f4 15. Ba3 c5
16. Nb5 Rad8 17. d5 e5 18. Nc7 Rb8 19. Ne6 Rfe8 20. g4 Nhf6 21. Nfg5 Bh8 22. f3
h6 23. Nh3 Nh7 24. Re2 g5 25. Bb2 Ndf8 26. Nxf8 Nxf8 27. Bc3 Ng6 28. Nf2 Bf6 29.
Nd3 Kf7 30. h3 Rh8 31. Rh2 Rh7 32. Kf2 Rbh8 33. Rfh1 h5 34. Kg1 Bc8 35. Be1 Kf8
36. Nc1 Rh6 37. Nd3 Bd7 38. Qd2 R8h7 39. Qc2 Qg7 40. Qd2 Ke8 1/2-1/2

[Event "25th European Teams Women"]
[Site "Batumi GEO"]
[Date "2025.10.07"]
[Round "3.4"]
[Board "3"]
[White "Toncheva, Nadya"]
[Black "Hakimifard, Ghazal"]
[Result "1-0"]
[WhiteTitle "FM"]
[BlackTitle "WGM"]
[WhiteElo "2332"]
[BlackElo "2206"]
[WhiteTeam "Bulgaria"]
[BlackTeam "Switzerland"]
[WhiteFideId "2924056"]
[BlackFideId "12506540"]
[EventDate "2025.10.05"]

1. e4 c5 2. Nf3 e6 3. c3 Nf6 4. e5 Nd5 5. Bc4 d6 6. d4 cxd4 7. cxd4 Be7 8. O-O
O-O 9. Qe2 Nc6 10. Rd1 a6 11. Nc3 Nxc3 12. bxc3 Qa5 13. Bd3 dxe5 14. dxe5 Rd8
15. Qe4 g6 16. Bh6 Bd7 17. Rab1 Rab8 18. Be3 b5 19. Bg5 Be8 20. Bxe7 Nxe7 21.
Qh4 Qxc3 22. Qxe7 Rxd3 23. Rdc1 Qa3 24. Qf6 Rbd8 25. h4 h5 26. Ng5 Qa4 27. Nxe6
Rd1+ 28. Kh2 fxe6 29. Rc7 R1d7 30. Rbc1 Qd4 31. R1c6 Rh7 32. Qxe6+ Bf7 33. Qf6
Re8 34. Rc8 Rg7 35. R6c7 Rxc8 36. Rxc8+ Kh7 37. Rc7 Qd5 38. Re7 g5 39. hxg5 Qc4
40. g6+ Rxg6 41. Rxf7+ Kh6 42. Qh8+ Kg5 43. Qd8+ Kh6 44. Qf8+ Kg5 45. Rf5+ 1-0

[Event "25th European Teams Women"]
[Site "Batumi GEO"]
[Date "2025.10.07"]
[Round "3.4"]
[Board "4"]
[White "Shatil, Or"]
[Black "Radeva, Viktoria"]
[Result "1/2-1/2"]
[WhiteTitle "WIM"]
[BlackTitle "WGM"]
[WhiteElo "2184"]
[BlackElo "2292"]
[WhiteTeam "Switzerland"]
[BlackTeam "Bulgaria"]
[WhiteFideId "2842475"]
[BlackFideId "2915405"]
[EventDate "2025.10.05"]

1. e4 c5 2. Nf3 e6 3. c3 d5 4. exd5 exd5 5. Bb5+ Bd7 6. Qe2+ Qe7 7. Bxd7+ Nxd7
8. d4 Qxe2+ 9. Kxe2 O-O-O 10. Rd1 h6 11. Be3 Ngf6 12. Nbd2 Re8 13. Nf1 c4 14.
Re1 Bd6 15. Kd1 Re7 16. Kc2 Ne4 17. Nh4 g6 18. f3 Ng5 19. Bf2 Rhe8 20. Rxe7 Rxe7
21. Re1 Kd8 22. Rxe7 Kxe7 23. Bg3 Bxg3 24. Nxg3 Ne6 25. Ne2 Kf6 26. g3 b5 27.
Ng2 Nb6 28. Ne3 h5 29. h4 g5 30. hxg5+ Kxg5 31. f4+ Kf6 32. Kd2 Ng7 33. g4 hxg4
34. Nxg4+ Kf5 35. Nh6+ Kg6 36. Ng4 f6 37. Ne3 Nf5 38. Ng4 Nd6 39. Ng3 a6 40. Kc2
Nf5 41. Ne2 Nd6 42. Ng3 Nf5 43. Ne2 Nd6 1/2-1/2

[Event "25th European Teams Women"]
[Site "Batumi GEO"]
[Date "2025.10.07"]
[Round "3.5"]
[Board "1"]
[White "Osmak, Yuliia"]
[Black "Tsolakidou, Stavroula"]
[Result "1/2-1/2"]
[WhiteTitle "IM"]
[BlackTitle "IM"]
[WhiteElo "2464"]
[BlackElo "2453"]
[WhiteTeam "Ukraine"]
[BlackTeam "Greece"]
[WhiteFideId "14101602"]
[BlackFideId "4264312"]
[EventDate "2025.10.05"]

1. c4 Nf6 2. Nc3 g6 3. d4 Bg7 4. e4 d6 5. Be2 O-O 6. h4 h5 7. Bg5 a6 8. Nf3 Bg4
9. Qd2 Nbd7 10. Be3 c5 11. d5 b5 12. cxb5 axb5 13. Bxb5 Qa5 14. Ng5 Nb6 15. O-O
Bd7 16. Be2 Rfb8 17. Qc2 Ng4 18. Bd2 Na4 19. Nxa4 Qxa4 20. b3 Qd4 21. Rab1 c4
22. Bxc4 Rc8 23. Nf3 Qc5 24. Rbc1 Qa3 25. b4 Bb2 26. Rb1 Bb5 27. Qxb2 Rxc4 28.
Qxa3 Rxa3 29. Rfc1 Rxe4 30. Rc8+ Kg7 31. Bc3+ Nf6 32. Rb2 Rc4 33. Bxf6+ Kxf6 34.
Rb8 Rc1+ 35. Kh2 Bc4 36. Rc8 Rcc3 37. Rd2 e6 38. dxe6 Kxe6 39. Rc6 Ke7 40. Rc7+
Kd8 41. Rc6 Ke7 42. Ng5 Bd3 43. Rxc3 Rxc3 44. a4 Ra3 45. Nf3 d5 46. Ne5 Bc4 47.
Rd4 Rxa4 48. Nxc4 dxc4 49. Rxc4 Kd6 50. Rf4 Ke5 51. Kg3 f6 52. Rc4 Ra3+ 53. f3
Rb3 54. Rc5+ Ke6 55. b5 Rb2 56. Kh3 Rb3 57. Kh2 Rb2 58. Kg3 Kd6 59. Rc6+ Ke5 60.
Rb6 Kf5 61. Rb8 g5 62. hxg5 fxg5 63. b6 Kg6 64. Kh3 h4 65. Kh2 Kg7 66. Kg1 Kh7
67. b7 Kg7 68. Kf1 Kh7 69. Ke1 Kg7 70. Kd1 Kh7 71. Kc1 Rb6 72. Kc2 Kg7 73. Kd3
Rb1 74. Kd4 Rb4+ 75. Kd5 Rb1 76. Kd6 Rd1+ 77. Ke6 Rb1 78. Kf5 Rb5+ 79. Kg4 Kh7
80. Kh5 Kg7 81. Kg4 Kh7 82. Kh5 Kg7 83. Rc8 Rxb7 84. Rc6 Kf7 85. Rc5 Kf6 86.
Rxg5 Rh7+ 87. Kg4 h3 88. gxh3 Rxh3 89. Ra5 Rh1 90. Ra6+ Kf7 91. Kf5 Rh5+ 92. Ke4
Rb5 93. f4 Rc5 94. Kf3 Rb5 95. Kg4 Rc5 96. Rb6 Ra5 97. Rb7+ Kf6 98. Rb6+ Kf7 99.
Rb7+ Kf6 100. Rb6+ 1/2-1/2